000 00447nmm a2200169Ia 4500
008 251105s9999||||xx |||||||||||||||||und||
020 _a9788415242130
041 _aspa
100 _aSuárez, Orfeo
245 0 _aPalabra de entrenador
264 _a[Madrid, España] :
_bCórner,
_c2011
300 _a284 páginas
490 _aCórner
650 _aTravel & Sports
856 _uhttps://public.digitaliapublishing.com/a/32235
942 _cCF
999 _c76578
_d76578